Del derecho de libre circulación de trabajadores al BREXIT: ¿un viaje de ida y vuelta? (Registro nro. 48873)
[ vista simple ]
| 000 -CABECERA | |
|---|---|
| Longitud fija campo de control | 01465naa a2200373.c 4500 |
| 001 - NÚMERO DE CONTROL | |
| Número de control | 48873 |
| 003 - IDENTIFICADOR DE NÚMERO DE CONTROL | |
| Identificador del número de control | ES-MaCES |
| 005 - FECHA Y HORA DE LA ÚLTIMA TRANSACCIÓN | |
| Fecha y hora de la última transacción | 20170213125048.0 |
| 008 - CAMPO FIJO DE DESCRIPCIÓN FIJA--INFORMACIÓN GENERAL | |
| Códigos de información de longitud fija | 170213s2016 sp ||||| t||||||| ||spa d |
| 040 ## - FUENTE DE CATALOGACIÓN | |
| Centro catalogador de origen | ES-MaCES |
| Lengua de catalogación | spa |
| Centro transcriptor | ES-MaCES |
| Centro modificado | ES-MaCES |
| 100 1# - ENCABEZAMIENTO PRINCIPAL--NOMBRE PERSONAL | |
| 9 (RLIN) | 19692 |
| Nombre de persona | Nogueira Guastavino, Magdalena |
| 245 14 - MENCIÓN DE TÍTULO | |
| Título | Del derecho de libre circulación de trabajadores al BREXIT: ¿un viaje de ida y vuelta? |
| Mención de responsabilidad, etc. | Magdalena Nogueira Guastavino |
| 500 ## - NOTA GENERAL | |
| Nota general | Resumen |
| 504 ## - NOTA DE BIBLIOGRAFÍA, ETC. | |
| Nota de bibliografía, etc. | Bibliografía: p. 151 |
| 650 #4 - ASIENTO SECUNDARIO DE MATERIA--TÉRMINO DE MATERIA | |
| 9 (RLIN) | 29880 |
| Término de materia o nombre geográfico como elemento inicial | libre circulación |
| 650 #4 - ASIENTO SECUNDARIO DE MATERIA--TÉRMINO DE MATERIA | |
| 9 (RLIN) | 28354 |
| Término de materia o nombre geográfico como elemento inicial | movilidad de la mano de obra |
| 650 #4 - ASIENTO SECUNDARIO DE MATERIA--TÉRMINO DE MATERIA | |
| 9 (RLIN) | 28408 |
| Término de materia o nombre geográfico como elemento inicial | trabajador migrante |
| 650 #4 - ASIENTO SECUNDARIO DE MATERIA--TÉRMINO DE MATERIA | |
| 9 (RLIN) | 29805 |
| Término de materia o nombre geográfico como elemento inicial | migración internacional |
| 650 #4 - ASIENTO SECUNDARIO DE MATERIA--TÉRMINO DE MATERIA | |
| 9 (RLIN) | 27034 |
| Término de materia o nombre geográfico como elemento inicial | seguridad social |
| 650 #4 - ASIENTO SECUNDARIO DE MATERIA--TÉRMINO DE MATERIA | |
| 9 (RLIN) | 29076 |
| Término de materia o nombre geográfico como elemento inicial | protección social |
| 650 #4 - ASIENTO SECUNDARIO DE MATERIA--TÉRMINO DE MATERIA | |
| 9 (RLIN) | 29003 |
| Término de materia o nombre geográfico como elemento inicial | asistencia social |
| 650 #4 - ASIENTO SECUNDARIO DE MATERIA--TÉRMINO DE MATERIA | |
| 9 (RLIN) | 27165 |
| Término de materia o nombre geográfico como elemento inicial | derecho del trabajo |
| 650 #4 - ASIENTO SECUNDARIO DE MATERIA--TÉRMINO DE MATERIA | |
| 9 (RLIN) | 27166 |
| Término de materia o nombre geográfico como elemento inicial | legislación del trabajo |
| 650 #4 - ASIENTO SECUNDARIO DE MATERIA--TÉRMINO DE MATERIA | |
| 9 (RLIN) | 26701 |
| Término de materia o nombre geográfico como elemento inicial | Estado miembro |
| 650 #4 - ASIENTO SECUNDARIO DE MATERIA--TÉRMINO DE MATERIA | |
| 9 (RLIN) | 29020 |
| Término de materia o nombre geográfico como elemento inicial | país de la UE |
| 650 #4 - ASIENTO SECUNDARIO DE MATERIA--TÉRMINO DE MATERIA | |
| 9 (RLIN) | 26967 |
| Término de materia o nombre geográfico como elemento inicial | Reino Unido |
| 650 #4 - ASIENTO SECUNDARIO DE MATERIA--TÉRMINO DE MATERIA | |
| 9 (RLIN) | 30776 |
| Término de materia o nombre geográfico como elemento inicial | política comunitaria |
| 650 #4 - ASIENTO SECUNDARIO DE MATERIA--TÉRMINO DE MATERIA | |
| 9 (RLIN) | 29490 |
| Término de materia o nombre geográfico como elemento inicial | Tribunal de Justicia CE |
| 650 #4 - ASIENTO SECUNDARIO DE MATERIA--TÉRMINO DE MATERIA | |
| 9 (RLIN) | 26752 |
| Término de materia o nombre geográfico como elemento inicial | UE |
| 653 10 - TÉRMINO DE INDEXACIÓN--NO CONTROLADO | |
| Término no controlado | Derecho del trabajo y Seguridad Social |
| 773 0# - ENTRADA DE DOCUMENTO FUENTE | |
| Itemnumber del ítem fuente | 85290 |
| Lugar, editor y fecha de publicación | Madrid (Príncipe, 5, 28012) Asociación de Cajas de Ahorros para las Relaciones Laborales |
| Otro identificador del documento | 088188 |
| Título | Documentación laboral |
| Número de control del registro relacionado | (ES-MaCES)25160 |
| Parte(s) relacionada(s) | n. 107 (2016-II) {10142 R. 088188} ;p. 127-151 |
| 902 ## - CES. TIPO DE DOCUMENTO | |
| Tipodoc (006$c Sirtex) | ART Artículo de revista |
| 942 ## - ELEMENTOS KOHA | |
| Fuente de clasificaión o esquema | Clasificación propia del CES |
| Koha [por defecto] tipo de item | Artículos (1982-2017) |
| Parte de clasificación | Derecho del Trabajo y Seguridad Social |
No hay ítems disponibles.
